সংকলন / (Record no. 2964)
[ view plain ]
| 000 -LEADER | |
|---|---|
| fixed length control field | 00673nam a22002177a 4500 |
| 001 - CONTROL NUMBER | |
| JCCL Control Number | 2964 |
| 003 - CONTROL NUMBER IDENTIFIER | |
| JCCL marc code | BD-JhCC |
| 005 - DATE AND TIME OF LATEST TRANSACTION | |
| control field | 20171112191507.0 |
| 008 - FIXED-LENGTH DATA ELEMENTS--GENERAL INFORMATION | |
| fixed length control field | 171108s1963 ii |||| |||| 000 0 ben d |
| 035 ## - SYSTEM CONTROL NUMBER | |
| system control number | (BD-JhCC)2964 |
| 040 ## - CATALOGING SOURCE | |
| Original cataloging agency | BD-JhCC |
| Modifying agency | BD-JhCC |
| 041 ## - LANGUAGE CODE | |
| Language code of Book | ben |
| 082 ## - DEWEY DECIMAL CLASSIFICATION NUMBER | |
| Classification number | 891.4435 |
| Author mark and Year | TAG 1963 |
| 100 ## - MAIN ENTRY--PERSONAL NAME | |
| Personal name | ঠাকুর,রবীন্দ্রনাথ |
| 245 ## - TITLE STATEMENT | |
| Title | সংকলন / |
| Statement of responsibility, etc | রবীন্দ্রনাথ ঠাকুর |
| 260 ## - PUBLICATION, DISTRIBUTION, ETC. (IMPRINT) | |
| Place of publication, distribution, etc | কলকাতা: |
| Name of publisher, distributor, etc | বিশ্বভারতী, |
| Date of publication, distribution, etc | ১৯৬৩. |
| 300 ## - PHYSICAL DESCRIPTION | |
| Pagination | ২৮৫ পৃ. : |
| Dimensions | ২২ সেমি. |
| 650 ## - SUBJECT ADDED ENTRY--TOPICAL TERM | |
| Topical term or geographic name as entry element | Collection of short stories |
| 942 ## - ADDED ENTRY ELEMENTS (KOHA) | |
| Source of classification or shelving scheme | Dewey Decimal Classification |
| Koha item type | Books |
| Source of classification or shelving scheme | Damaged status | Not for loan | Home library | Current library | Shelving location | Date of accession | Total Checkouts | Full call number | Barcode | Date last seen | Date checked out | Copy number | Koha item type |
|---|---|---|---|---|---|---|---|---|---|---|---|---|---|
| Dewey Decimal Classification | JCC Rouf Library | JCC Rouf Library | General Stacks | 11/08/2017 | 1 | 891.4435 TAG 1963 | 4714 | 02/09/2025 | 02/06/2025 | C- 1 | Books |